Taylor Swift Songs in Alphabetical Order - Statistics

General Stats
  • This quiz has been taken 208 times
    181 since last reset
  • The average score is 151 of 265
Answer Stats
Hint Answer % Correct
Folklore the 1
88%
Red 22
85%
Red All Too Well
80%
Red All Too Well (10 Minute Version)
80%
Folklore august
78%
Folklore betty
78%
1989 Bad Blood
76%
1989 Bad Blood (feat. Kendrick Lamar)
76%
Folklore cardigan
73%
Folklore Seven
73%
Lover Afterglow
71%
Reputation Call It What You Want
71%
TLOAS Cancelled!
71%
Evermore champagne problems
71%
Reputation Don't Blame Me
71%
Fearless Fifteen
71%
Lover Lover
71%
TTPD The Albatross
71%
TTPD The Alchemy
71%
Lover The Archer
71%
TLOAS Actually Romantic
68%
Midnights Anti-Hero
68%
Debut A Place In This World
68%
Red Babe
68%
Speak Now Back to December
68%
Beautiful Eyes EP Beautiful Eyes
68%
Red Begin Again
68%
Midnights Bejeweled
68%
1989 Blank Space
68%
Hannah Montana: The Movie Soundtrack Crazier
68%
Lover Cruel Summer
68%
TTPD Fortnight (feat. Post Malone)
68%
TLOAS Opalite
68%
TTPD The Bolter
68%
1989 All You Had To Do Was Stay
66%
Speak Now Better Than Revenge
66%
TTPD But Daddy I Love Him
66%
Where the Crawdads Sing Soundtrack Carolina
66%
Single Christmas Tree Farm
66%
1989 Clean
66%
Lover Cornelia Street
66%
Reputation Dancing With Our Hands Tied
66%
Reputation Delicate
66%
TLOAS Eldest Daughter
66%
TLOAS Elizabeth Taylor
66%
Speak Now Enchanted
66%
Evermore evermore (feat. Bon Iver)
66%
Fearless Fearless
66%
Speak Now Innocent
66%
Red Red
66%
Fearless The Best Day
66%
TLOAS The Fate of Ophelia
66%
TLOAS The Life of a Showgirl
66%
Debut A Perfectly Good Heart
63%
Red Better Man
63%
Fearless Breathe (feat. Colbie Caillat)
63%
Debut Cold As You
63%
Red Come Back... Be Here
63%
Lover Daylight
63%
Speak Now Dear John
63%
Fearless Don't You
63%
Reputation Dress
63%
Folklore exile (feat. Bon Iver)
63%
Speak Now Haunted
63%
TLOAS Honey
63%
TTPD I Can Do It With a Broken Heart
63%
Speak Now I Can See You
63%
Midnights Lavender Haze
63%
TTPD The Black Dog
63%
Folklore the lakes
63%
Single All Of The Girls You Loved Before
61%
Midnights Bigger Than The Whole Sky
61%
TTPD Cassandra
61%
TTPD Chloe or Sam or Sophia or Marcus
61%
Fearless Come In With the Rain
61%
Evermore coney island (feat. The National)
61%
Evermore dorothea
61%
Reputation End Game (feat. Ed Sheeran & Future)
61%
Red Forever Winter
61%
Reputation Gorgeous
61%
TTPD Guilty as Sin?
61%
Folklore hoax
61%
Debut Invisible
61%
Folklore invisible string
61%
Fearless Jump Then Fall
61%
Midnights Karma
61%
Midnights Karma (feat. Ice Spice)
61%
Speak Now Last Kiss
61%
Speak Now Long Live
61%
Fearless Love Story
61%
Speak Now Mean
61%
Lover ME! (feat. Brendon Urie of Panic! At the Disco)
61%
Midnights Midnight Rain
61%
Speak Now Speak Now
61%
Folklore the last great american dynasty
61%
Red The Last Time (feat. Gary Lightbody)
61%
Fearless Bye Bye Baby
59%
Fearless Change
59%
Midnights Dear Reader
59%
Speak Now Electric Touch (feat. Fall Out Boy)
59%
Lover False God
59%
TLOAS Father Figure
59%
Red I Almost Do
59%
Red I Knew You Were Trouble
59%
1989 I Know Places
59%
Midnights Labyrinth
59%
Speak Now Never Grow Up
59%
Lover Paper Rings
59%
Folklore peace
59%
TTPD Peter
59%
Midnights Question... ?
59%
Reputation Ready For It?
59%
TTPD Robin
59%
The Hunger Games Soundtrack Safe & Sound
59%
1989 Shake It Off
59%
1989 Suburban Legends
59%
Lover The Man
59%
Reputation This Is Why We Can't Have Nice Things
59%
Midnights Vigilante Shit
59%
Evermore willow
59%
TLOAS Wood
59%
Evermore cowboy like me
56%
Folklore epiphany
56%
The Hunger Games Soundtrack Eyes Open
56%
TTPD Florida!!! (feat. Florence + The Machine)
56%
TTPD Fresh Out the Slammer
56%
Red Girl At Home
56%
Midnights Glitch
56%
Evermore happiness
56%
Fearless Hey Stephen
56%
Midnights Hits Different
56%
1989 How You Get the Girl
56%
Red I Bet You Think About Me (feat. Chris Stapleton)
56%
TTPD I Can Fix Him (No Really I Can)
56%
Speak Now/Fearless TV If This Was a Movie
56%
Folklore illicit affairs
56%
TTPD I Look in People's Windows
56%
Evermore ivy
56%
Reputation King of My Heart
56%
Reputation Look What You Made Me Do
56%
Evermore marjorie
56%
Midnights Maroon
56%
Red Message In A Bottle
56%
Speak Now Mine
56%
1989 Now That We Don't Talk
56%
1989 Out of the Woods
56%
Lover Soon You'll Get Better (feat. The Dixie Chicks)
56%
Speak Now Sparks Fly
56%
1989 Style
56%
Speak Now Superman
56%
Midnights The Great War
56%
Red The Very First Night
56%
1989 Wonderland
56%
Fearless You're Not Sorry
56%
Midnights You're on Your Own, Kid
56%
Holiday Collection Christmases When You Were Mine
54%
Holiday Collection Christmas Must Be Something More
54%
Evermore closure
54%
Lover Death By A Thousand Cuts
54%
TTPD Down Bad
54%
Red Everything Has Changed (feat. Ed Sheeran)
54%
Fearless Forever & Always
54%
Reputation Getaway Car
54%
Evermore gold rush
54%
Midnights High Infidelity
54%
Red Holy Ground
54%
TTPD How Did It End?
54%
Reputation I Did Something Bad
54%
Debut I'm Only Me When I'm With You
54%
Lover I Think He Knows
54%
Lover It's Nice To Have A Friend
54%
Lover London Boy
54%
Debut Mary's Song (Oh My My My)
54%
Folklore mirrorball
54%
1989 New Romantics
54%
Evermore no body, no crime (feat. HAIM)
54%
Red Nothing New (feat. Phoebe Bridgers)
54%
Midnights Paris
54%
Debut Picture to Burn
54%
1989 Slut!
54%
Reputation So It Goes...
54%
Midnights Sweet Nothing
54%
Debut Tim McGraw
54%
Fearless Untouchable
54%
1989 Welcome To New York
54%
TLOAS Wish List
54%
Fearless You Belong With Me
54%
Lover You Need To Calm Down
54%
Speak Now Castles Crumbling (feat. Hayley Williams)
51%
Lover I Forgot That You Existed
51%
TTPD I Hate It Here
51%
TTPD imgonnagetyouback
51%
1989 Is It Over Now?
51%
Evermore it's time to go
51%
1989 I Wish You Would
51%
Holiday Collection Last Christmas
51%
TTPD loml
51%
Folklore mad woman
51%
Midnights Mastermind
51%
Lover Miss Americana & The Heartbreak Prince
51%
TTPD My Boy Only Breaks His Favorite Toys
51%
Folklore my tears ricochet
51%
Reputation New Years Day
51%
Speak Now Ours
51%
Debut Our Song
51%
Evermore right where you left me
51%
Red Ronan
51%
TLOAS Ruin the Friendship
51%
Red Sad Beautiful Tragic
51%
Midnights Snow on the Beach (feat. Lana Del Rey)
51%
Midnights Snow On The Beach (feat. More Lana Del Rey)
51%
Red Starlight
51%
Red Stay Stay Stay
51%
Fearless The Other Side of the Door
51%
TTPD The Prophecy
51%
Fearless White Horse
51%
1989 Wildest Dreams
51%
Midnights Would've, Could've, Should've
51%
TTPD Clara Bow
49%
Speak Now Foolish One
49%
Evermore long story short
49%
Fearless Mr. Perfectly Fine
49%
Holiday Collection Santa Baby
49%
TTPD So High School
49%
TTPD So Long, London
49%
Fearless SuperStar
49%
TTPD The Tortured Poets Department
49%
Speak Now Timeless
49%
Evermore tolerate it
49%
Red We Are Never Ever Getting Back Together
49%
Single Only The Young
46%
Debut Should've Said No
46%
Debut Teardrops On My Guitar
46%
Fearless Tell Me Why
46%
Red The Moment I Knew
46%
Debut The Outside
46%
Folklore this is me trying
46%
1989 This Love
46%
Debut Tied Together With a Smile
46%
Fearless Today was a Fairytale
46%
Midnights You're Losing Me
46%
Cats Soundtrack Beautiful Ghosts
44%
Cats Soundtrack Macavity
44%
Red Run (feat. Ed Sheeran)
44%
Red State Of Grace
44%
Debut Stay Beautiful
44%
Red The Lucky One
44%
TTPD The Manuscript
44%
Red Treacherous
44%
Speak Now When Emma Falls in Love
44%
Holiday Collection White Christmas
44%
Fearless You All Over Me (feat. Maren Morris)
44%
1989 You Are In Love
44%
1989 Say Don't Go
41%
Holiday Collection Silent Night
41%
1989 Sweeter Than Fiction
41%
TTPD The Smallest Man Who Ever Lived
41%
Speak Now The Story of Us
41%
Fearless We Were Happy
41%
TTPD Who's Afraid of Little Old Me?
41%
Fearless The Way I Loved You
39%
Evermore tis the damn season
39%
Beautiful Eyes EP I Heart ?
37%
TTPD thanK you aIMee
34%
Fearless That's When (feat. Keith Urban)
34%
No matching quizzes found
Score Distribution
Percent of People with Each Score
Percentile by Number Answered
Your Score History
You have not taken this quiz since the last reset